The Book of trades, or, Young British tradesman : being a library of the useful arts for commercial education ...

Bibliographic Details
Format: eBook
Language:English
Published: London : Sherwood, Gilbert, and Piper, 1835.
Edition:20th ed.
Series:Making of the modern world (Goldsmiths'-Kress Library of Economic Literature)
Subjects:
Online Access:Connect to the full text of this electronic book

MARC

Tag First Indicator Second Indicator Subfields
LEADER 00000cam a2200000Ia 4500
001 in00002282002
005 20190326192402.0
006 m | d |
007 cr |n||||||||n
008 881104s1835 enkaf s 000 0 eng d
040 |a NYG  |c GKR  |d OCL  |d Thomson Gale  |d UtOrBLW 
245 0 4 |a The Book of trades, or, Young British tradesman :  |b being a library of the useful arts for commercial education ... 
250 |a 20th ed.  |b enl., with five hundred questions for the exercise of junior students. 
264 1 |a London :  |b Sherwood, Gilbert, and Piper,  |c 1835. 
300 |a iv, 454, 18 pages, 85 unnumbered leaves of plates :  |b illustrations ;  |c 18 cm. 
336 |a text  |b txt  |2 rdacontent 
337 |a computer  |b c  |2 rdamedia 
338 |a online resource  |b cr  |2 rdacarrier 
500 |a Reproduction of original from Kress Library of Business and Economics, Harvard University. 
500 |a Goldsmiths'-Kress number 29014.4. 
510 4 |a OCLC,  |c 18710634 
533 |a Electronic reproduction.  |b Farmington Hills, Mich. :  |c Thomson Gale,  |d 2005.  |f (The making of the modern world).  |n Available via the World Wide Web.  |n Access limited to licensing agreements.  |7 s2005 miunns 
500 |a Electronic resource. 
650 0 |a Industrial arts. 
650 0 |a Occupations. 
655 0 |a Electronic books. 
740 0 |a Book of trades. 
740 0 |a Young British tradesman. 
830 0 |a Making of the modern world (Goldsmiths'-Kress Library of Economic Literature) 
856 4 0 |u http://proxy.library.tamu.edu/login?url=http://galenet.galegroup.com/servlet/MOME?af=RN&ae=U105412383&srchtp=a&ste=14&locID=txshracd2898  |z Connect to the full text of this electronic book  |t 0 
999 |a MARS 
999 f f |s c08c7d1c-56e0-3d5e-9da5-1ddccb0935b4  |i 309263ec-053b-3a35-b2a6-af824e428440  |t 0 
952 f f |a Texas A&M University  |b College Station  |c Electronic Resources  |d Available Online  |t 0  |h No information provided 
998 f f |t 0  |l Available Online